000 01035nam a2200229Ia 4500
001 914.563 2-BER we re (10562)
003 IT-MiSPE
008 171229s9999||||xx |||||||||||||| ||und||
040 _aIT-MiSPE
_cIT-MiSPE
041 _aITALIANO
100 _aWerner Bergengruen
240 _aRömisches Erinnerungsbuch
245 0 _aReminiscenze romane
250 _a1a ed. (v)
260 _aAlba (CN)
_bEd. Paoline
_c1969
300 _a182 p.
_c30 cm
501 _aEdizioni San Paolo srl - Piazza Soncino, 5 - 20092 CINISELLO BALSAMO (MI) (non commercial uses only) ® Copyright 2018
520 _aIll. (Erich Lessing); incisioni (G.B. Piranesi)
942 _cBK
957 _71
999 _a19125
_bNO
_g Copie: 1
_c356088
_d356088